000 00476nam a2200193Ia 4500
005 20250425161729.0
008 250425s9999 xx 000 0 und d
041 _aspa
082 _a808.831
100 _aDE LA CUADRA, JOSE
245 0 _aCUENTOS ESCOGIDOS: LOS SANGURIMAS, HORNO Y OTROS RELATOS
250 _a1A ED.
260 _aEcuador
_bARIEL
_c2002
260 _aGUAYAQUIL
300 _a186
650 _aCUENTOS ECUATORIANOS
942 _c01
010 _a26834
999 _c214949
_d214949